Riqueza latente : otra mirada sobre el desarrollo rural = outro enfoque sobre o desenvolvimento rural /
Guardado en:
| Otros Autores: | |
|---|---|
| Formato: | Libro |
| Idioma: | Spanish |
| Publicado: |
Ciudad Autónoma de Buenos Aires :
PRODERNEA,
c2008.
|
| Materias: | |
| Etiquetas: |
Agregar Etiqueta
Sin Etiquetas, Sea el primero en etiquetar este registro!
|
| LEADER | 01454nam a22002415a 4500 | ||
|---|---|---|---|
| 001 | EUN.eunm006621 | ||
| 005 | 20161012081038.0 | ||
| 008 | 161011s2008####ag############000#0#spa#d | ||
| 020 | |a 9789872438609 | ||
| 082 | 0 | 4 | |a 630.982 |2 15 |
| 245 | 0 | 0 | |a Riqueza latente : |b otra mirada sobre el desarrollo rural = outro enfoque sobre o desenvolvimento rural / |c [textos Santiago Hynes ; fotografía Claudio Herdener]. |
| 260 | |a Ciudad Autónoma de Buenos Aires : |b PRODERNEA, |c c2008. | ||
| 300 | |a 213 p. : |b principalmente il. ; |c 29 cm. | ||
| 500 | |a "El libro que aquí presentamos da testimonio en imágenes de los valiosos resultados de parte de estos esfuerzos: aquellos que llevaron a cabo pobladores y pobladoras rurales del Nordeste Argentino con el apoyo del PRODERNEA, nombre que asoció al Gobierno Nacional con los gobiernos provinciales de esa región a través de la SAGPyA"--p. 7. | ||
| 500 | |a El PRODERNEA (Proyecto de Desarrollo Rural de las Provincias del Nordeste Argentino), es un proyecto llevado adelante por la Secretaría de Agricultura, Ganadería y Pesca de Alimentos de la Nación (SAGPyA). | ||
| 546 | |a Texto en español y portugués. | ||
| 650 | 7 | |a Agronomía. |2 unbist | |
| 650 | 7 | |a Desarrollo rural. |2 unbist | |
| 650 | 7 | |a Proyectos de desarrollo agrícola. |2 abne | |
| 651 | 7 | |a Argentina. |2 unbist | |
| 700 | 1 | |a Hynes, Santiago |4 wat | |
| 700 | 1 | |a Herdener, Claudio. |4 pht | |
| 859 | |a AR-BaUNS |b BIB. CENTRAL - Sector A |h 630.982 |i H986 |p 125717/016 | ||
